[Event "SG Schwäbisch Gmünd 1 - SK Bebenhausen "]
[Site "Oberliga 2019/2020"]
[Date "2020.01.19"]
[Round "6.4"]
[White "Jurek, Josef"]
[Black "Latzke, Boris"]
[Result "1-0"]
[WhiteElo "2245"]
[BlackElo "2188"]
[PlyCount "77"]
[EventDate "2020.??.??"]
[WhiteTeam "SG Schwäbisch Gmünd 1"]
[BlackTeam "SK Bebenhausen 1"]

1. Nf3 Nf6 2. c4 e6 3. g3 d5 4. b3 Be7 5. Bg2 O-O 6. O-O b6 7. Bb2 Bb7 8. e3 c5
9. Nc3 Nc6 10. cxd5 Nxd5 11. Nxd5 Qxd5 12. d4 Rac8 13. Rc1 Rfd8 14. Ne5 Qd6 15.
Qh5 g6 16. Qf3 Nxe5 17. Qxb7 Nd3 18. dxc5 bxc5 19. Rcd1 Qc7 20. Qxc7 Rxc7 21.
Bc3 Nb4 22. Rxd8+ Bxd8 23. Rd1 Be7 24. Be5 Rc8 25. Rd7 Kf8 26. Rxa7 f6 27. Bc7
Nxa2 28. Bc6 Nc1 29. Bd7 Rxc7 30. Rxc7 Nxb3 31. Bxe6 Nd2 32. Rc8+ Kg7 33. Rg8+
Kh6 34. Re8 Bd6 35. Rd8 Ne4 36. Bd5 Bc7 37. Rd7 Nc3 38. Bg8 Ba5 39. h4 1-0

[Event "SG Schwäbisch Gmünd 1 - SK Bebenhausen "]
[Site "Oberliga 2019/2020"]
[Date "2020.01.19"]
[Round "6.5"]
[White "Wendler, David"]
[Black "Weiss, Andreas"]
[Result "0-1"]
[WhiteElo "2139"]
[BlackElo "2130"]
[PlyCount "120"]
[EventDate "2020.??.??"]
[WhiteTeam "SK Bebenhausen 1"]
[BlackTeam "SG Schwäbisch Gmünd 1"]

1. e4 c5 2. c3 d5 3. exd5 Qxd5 4. d4 Nf6 5. Nf3 e6 6. Be3 cxd4 7. cxd4 Nc6 8.
Nc3 Qd6 9. a3 Be7 10. Bd3 O-O 11. O-O b6 12. Qe2 Bb7 13. Rad1 Rad8 14. Bb1 Qb8
15. Bg5 g6 16. Ba2 Rfe8 17. Bxe6 fxe6 18. Qxe6+ Kg7 19. Ne5 Nxe5 20. dxe5 Ng8
21. Qg4 Rxd1 22. Rxd1 Bxg5 23. Qxg5 Qxe5 24. Rd7+ Kh8 25. Qxe5+ Rxe5 26. f4 Re7
27. Rd6 Kg7 28. Nb5 Bc8 29. Kf2 Nf6 30. Rd8 Bg4 31. h3 Ne4+ 32. Kg1 Be6 33. Nd4
Kf7 34. Nc6 Rc7 35. Ne5+ Ke7 36. Rh8 Nf6 37. b4 Bg8 38. Ng4 Nxg4 39. Rxg8 Nf6
40. Ra8 Nh5 41. Rh8 Ke6 42. Re8+ Re7 43. Rf8 Rf7 44. Re8+ Kd5 45. f5 gxf5 46.
Kf2 Nf6 47. Rc8 Ne4+ 48. Kf3 Ng5+ 49. Kf2 f4 50. a4 f3 51. gxf3 Nxh3+ 52. Kg3
Ng5 53. f4 Ne6 54. a5 Nxf4 55. a6 Ne6 56. Rb8 Kc6 57. b5+ Kxb5 58. Rb7 Rg7+ 59.
Kh4 Kxa6 60. Rxg7 Nxg7 0-1

[Event "SG Schwäbisch Gmünd 1 - SK Bebenhausen "]
[Site "Oberliga 2019/2020"]
[Date "2020.01.19"]
[Round "6.6"]
[White "Denisow, Jewgeny"]
[Black "Frick, Christoph"]
[Result "1-0"]
[WhiteElo "2131"]
[BlackElo "2112"]
[PlyCount "77"]
[EventDate "2020.??.??"]
[WhiteTeam "SG Schwäbisch Gmünd 1"]
[BlackTeam "SK Bebenhausen 1"]

1. e4 c6 2. d4 d5 3. e5 Bf5 4. h4 h5 5. c4 e6 6. Nc3 Nd7 7. cxd5 cxd5 8. Bd3
Bxd3 9. Qxd3 Ne7 10. Nf3 a6 11. O-O Nb6 12. Bg5 Qd7 13. a4 Nc6 14. b3 Rc8 15.
Na2 Ba3 16. Bd2 Be7 17. Ng5 Bxg5 18. hxg5 O-O 19. g3 g6 20. Kg2 Kg7 21. Rh1 Rh8
22. Rh4 Ne7 23. Rah1 Nf5 24. R4h3 Qc7 25. Ba5 Qc2 26. Qxc2 Rxc2 27. Nb4 Rb2 28.
g4 Nxd4 29. Bxb6 Nxb3 30. Nd3 Ra2 31. Nf4 Rxa4 32. gxh5 gxh5 33. Nxh5+ Kg6 34.
Nf4+ Rxf4 35. Rxh8 Kf5 36. Be3 Rg4+ 37. Kf3 d4 38. g6 dxe3 39. R8h5+ 1-0

[Event "SG Schwäbisch Gmünd 1 - SK Bebenhausen "]
[Site "Oberliga 2019/2020"]
[Date "2020.01.19"]
[Round "6.7"]
[White "Roth, Jürgen Eugen"]
[Black "Hönick, Andreas"]
[Result "1-0"]
[WhiteElo "2115"]
[BlackElo "2102"]
[PlyCount "141"]
[EventDate "2020.??.??"]
[WhiteTeam "SK Bebenhausen 1"]
[BlackTeam "SG Schwäbisch Gmünd 1"]

1. Nf3 d5 2. d4 Nf6 3. Bg5 e6 4. Nbd2 Be7 5. e3 h6 6. Bh4 O-O 7. Bd3 b6 8. O-O
Bb7 9. Ne5 Nbd7 10. Nxd7 Nxd7 11. Bxe7 Qxe7 12. c3 e5 13. dxe5 Nxe5 14. Be2
Rad8 15. Qa4 a5 16. Nf3 c5 17. Nxe5 Qxe5 18. Bf3 Rd6 19. Rfd1 Bc6 20. Qb3 b5
21. Qa3 c4 22. Qxa5 Rf6 23. Qb6 Qg5 24. Kh1 Rxf3 25. gxf3 Qf6 26. Rd4 Qxf3+ 27.
Kg1 Qf6 28. Qc7 Re8 29. Qf4 Qg6+ 30. Kh1 Qc2 31. Rg1 Re6 32. Qb8+ Kh7 33. Qf8
Rg6 34. Qxf7 Rxg1+ 35. Kxg1 b4 36. cxb4 c3 37. bxc3 Bb5 38. h4 Bd3 39. Rxd3
Qxd3 40. h5 Qxc3 41. Qf5+ Kg8 42. Qxd5+ Kh8 43. b5 Qb4 44. e4 Qe1+ 45. Kg2 Qe2
46. Kg3 Qb2 47. e5 Qc3+ 48. Kg2 Qb4 49. f3 Qb2+ 50. Kg3 Qc1 51. e6 Qg1+ 52. Kf4
Qh2+ 53. Ke3 Qg1+ 54. Ke4 Qe1+ 55. Kd4 Qf2+ 56. Kc3 Qe1+ 57. Kc4 Qc1+ 58. Kb4
Qe1+ 59. Kc5 Qa5 60. Kd6 Qd8+ 61. Kc5 Qa5 62. Qe4 Qc7+ 63. Kb4 Qe7+ 64. Kb3 Qc5
65. a4 Qxh5 66. e7 Qe8 67. Qd5 Qxe7 68. Qa8+ Kh7 69. Qe4+ Qxe4 70. fxe4 h5 71.
b6 1-0

[Event "SG Schwäbisch Gmünd 1 - SK Bebenhausen "]
[Site "Oberliga 2019/2020"]
[Date "2020.01.19"]
[Round "6.8"]
[White "Pohl, Walter"]
[Black "Khadempour, Farhad"]
[Result "0-1"]
[WhiteElo "2040"]
[BlackElo "2107"]
[PlyCount "192"]
[EventDate "2020.??.??"]
[WhiteTeam "SG Schwäbisch Gmünd 1"]
[BlackTeam "SK Bebenhausen 1"]

1. e4 e6 2. d4 d5 3. Nc3 Bb4 4. exd5 exd5 5. Bd3 Nc6 6. a3 Ba5 7. Nge2 Nge7 8.
O-O O-O 9. Bg5 f6 10. Bf4 Bf5 11. Na4 Re8 12. b4 Bb6 13. c3 {(=)} Qd7 14. Nb2
Nd8 15. Ng3 Bg6 16. a4 Ne6 17. Be3 c6 18. f4 f5 19. a5 Bc7 20. Qc2 Rf8 21. Be2
b6 22. axb6 axb6 23. Nd3 Bd6 24. Ne5 Qc7 25. Qb3 Ra7 26. c4 Bxe5 27. dxe5 d4
28. c5 Nd5 29. Bd2 bxc5 30. bxc5 Bf7 31. Qc2 g6 32. Bf3 Rxa1 33. Rxa1 Nexf4 34.
Re1 Re8 35. Qc4 Rxe5 36. Qxd4 Rxe1+ 37. Bxe1 Qe7 38. Bf2 h5 39. h3 h4 40. Bxd5
hxg3 41. Bxf7+ Kxf7 42. Qxf4 {(=)} gxf2+ 43. Qxf2 Qe4 44. Qa2+ Kf6 45. Qa5 f4
46. Qd8+ Kg7 47. Qd6 Kh6 48. Kf2 Kh5 49. Qf8 Qd4+ 50. Ke2 Qe3+ 51. Kf1 Kg5 52.
Qd6 Qe4 53. Kf2 Kh5 54. Qf8 Qd4+ 55. Ke2 Kg5 56. Kf1 Qd3+ 57. Kf2 Qc2+ 58. Kf3
Qd1+ 59. Kf2 Qd2+ 60. Kf1 Qe3 61. Qd6 Qe8 62. Kf2 Kf5 63. Qd3+ Kf6 64. Qd6+ Kg5
65. Kf1 Kf5 66. Qd3+ Qe4 67. Qd7+ Qe6 68. Qd3+ Ke5 69. Kf2 g5 70. Qc3+ Kf5 71.
Qd3+ Kf6 72. Qd4+ Qe5 73. Qc4 Qe6 74. Qd4+ Kf5 75. Qd3+ Qe4 76. Qd7+ Kg6 77.
Qd6+ Kh5 78. Qd1+ {(=)} Kg6 79. Qd6+ Kf5 80. Qd7+ Qe6 81. Qd3+ Ke5 82. Qc3+ Ke4
83. Qc2+ Kd4 84. Kf3 Qe3+ 85. Kg4 Qg3+ 86. Kf5 Ke3 87. Qe4+ Kf2 88. Qxc6 Qxg2
89. Qd6 Qxh3+ 90. Kxg5 Qg3+ 91. Kf5 f3 92. Ke4 Qg4+ 93. Kd5 Kg2 94. c6 f2 95.
Qd7 Qf3+ 96. Kd6 f1=Q 0-1

[Event "SV Jedesheim 1 - SC Weiler im Allgäu 1"]
[Site "Oberliga 2019/2020"]
[Date "2020.01.19"]
[Round "6.1"]
[White "Plat, Vojtech"]
[Black "Pikula, Dejan"]
[Result "1/2-1/2"]
[WhiteElo "2599"]
[BlackElo "2442"]
[PlyCount "82"]
[EventDate "2020.??.??"]
[WhiteTeam "SC Weiler im Allgäu 1"]
[BlackTeam "SV Jedesheim 1"]

1. b3 d5 2. Bb2 Nf6 3. e3 Bf5 4. Nf3 e6 5. Nc3 h6 6. Ne2 a5 7. a4 Be7 8. h3
Nbd7 9. Nf4 Bd6 10. Nd3 c6 11. Nde5 Bh7 12. g4 Nxe5 13. Nxe5 Ne4 14. Nf3 f6 15.
h4 g5 16. hxg5 hxg5 17. Bd3 Kd7 18. Qe2 Qe7 19. O-O-O Ba3 {(=)} 20. Kb1 Bxb2
21. Kxb2 Bg6 22. Rdg1 Rxh1 23. Rxh1 Qg7 24. Kb1 Rh8 25. Rxh8 Qxh8 26. Bxe4 Bxe4
27. Ne1 Qh2 28. Kb2 e5 29. d4 exd4 30. exd4 Qg1 31. f3 Bg6 32. Qd2 b6 33. c3
Qf1 34. Qe3 Bh7 35. Qd2 Bg6 36. Kc1 b5 37. Kb2 bxa4 38. bxa4 Qc4 39. Ka3 Qf1
40. Kb2 {(=)} Qa6 41. Ka2 Ke6 1/2-1/2

[Event "SV Jedesheim 1 - SC Weiler im Allgäu 1"]
[Site "Oberliga 2019/2020"]
[Date "2020.01.19"]
[Round "6.2"]
[White "Heidenfeld, Mark"]
[Black "Henrichs, Thomas"]
[Result "1/2-1/2"]
[WhiteElo "2352"]
[BlackElo "2385"]
[PlyCount "36"]
[EventDate "2020.??.??"]
[WhiteTeam "SV Jedesheim 1"]
[BlackTeam "SC Weiler im Allgäu 1"]

1. e4 e5 2. Nf3 Nc6 3. Bb5 a6 4. Bxc6 dxc6 5. O-O Bd6 6. d4 exd4 7. Qxd4 f6 8.
Nbd2 Be6 9. b3 Ne7 10. Nc4 Bxc4 11. Qxc4 Qd7 12. Bb2 Ng6 13. Rfe1 O-O-O 14. e5
fxe5 15. Bxe5 Nxe5 16. Nxe5 Bxe5 17. Rxe5 Rhe8 18. Ree1 Qd2 1/2-1/2

[Event "SV Jedesheim 1 - SC Weiler im Allgäu 1"]
[Site "Oberliga 2019/2020"]
[Date "2020.01.19"]
[Round "6.3"]
[White "Kessler, Luca"]
[Black "Lukovic, Vladimir"]
[Result "1/2-1/2"]
[WhiteElo "2450"]
[BlackElo "2273"]
[PlyCount "76"]
[EventDate "2020.??.??"]
[WhiteTeam "SC Weiler im Allgäu 1"]
[BlackTeam "SV Jedesheim 1"]

1. Nf3 d5 2. g3 Nf6 3. Bg2 g6 4. c4 c6 5. b3 Bg7 6. Bb2 O-O 7. O-O Bg4 8. d3
Bxf3 9. Bxf3 Re8 10. Nd2 e5 11. Bg2 Nbd7 12. Qc2 Bf8 13. e3 Bd6 14. a3 a5 15.
Bc3 Qe7 16. Qb2 b5 17. b4 bxc4 18. dxc4 Rab8 19. Rfb1 e4 20. b5 Ng4 21. Qa2 Be5
22. Bxe5 Ndxe5 23. h3 Nf6 24. bxc6 dxc4 25. Nxe4 Nxe4 26. Bxe4 Rbc8 27. Rb7 Qf6
28. Bd5 Red8 29. e4 Rxc6 30. Rab1 Rcc8 31. f4 Rxd5 32. exd5 Nd3 33. Rb8 Qd4+
34. Kh2 Rxb8 35. Rxb8+ Kg7 36. d6 c3 37. Rc8 Nb2 38. Rc7 Qf2+ 1/2-1/2

[Event "SV Jedesheim 1 - SC Weiler im Allgäu 1"]
[Site "Oberliga 2019/2020"]
[Date "2020.01.19"]
[Round "6.5"]
[White "Balacek, Tadeas"]
[Black "Trussevich, Sergey"]
[Result "1-0"]
[WhiteElo "2312"]
[BlackElo "2314"]
[PlyCount "57"]
[EventDate "2020.??.??"]
[WhiteTeam "SC Weiler im Allgäu 1"]
[BlackTeam "SV Jedesheim 1"]

1. d4 Nf6 2. Nf3 e6 3. e3 Be7 4. Bd3 c5 5. O-O b6 6. c4 Bb7 7. Nc3 a6 8. b3 O-O
9. d5 exd5 10. cxd5 d6 11. e4 b5 12. a4 c4 13. bxc4 bxc4 14. Be2 Nbd7 15. Rb1
Rb8 16. Be3 Qa5 17. Qd2 Nc5 18. Nd4 Rfe8 19. Nf5 Bf8 20. Bd4 Ncd7 21. Qg5 Kh8
22. f4 Qc7 23. Rf3 h6 24. Rh3 Qd8 25. Rf1 g6 26. Rxh6+ Kg8 27. Rxg6+ fxg6 28.
Qxg6+ Kh8 29. Rf3 1-0

[Event "SV Jedesheim 1 - SC Weiler im Allgäu 1"]
[Site "Oberliga 2019/2020"]
[Date "2020.01.19"]
[Round "6.6"]
[White "Anistratov, Dmitriy"]
[Black "Hasenohr, Benedict"]
[Result "0-1"]
[WhiteElo "2240"]
[BlackElo "2254"]
[PlyCount "140"]
[EventDate "2020.??.??"]
[WhiteTeam "SV Jedesheim 1"]
[BlackTeam "SC Weiler im Allgäu 1"]

1. Nf3 d5 2. g3 Nf6 3. Bg2 Bf5 4. O-O e6 5. c4 c6 6. d3 Be7 7. Be3 Nbd7 8. Nc3
O-O 9. Qb3 Ng4 10. Bd2 Nc5 11. Qd1 Bf6 12. d4 Ne4 13. h3 Nh6 14. Be3 Nxc3 15.
bxc3 dxc4 16. Nd2 b5 17. Bxh6 gxh6 18. e4 Bg6 19. e5 Be7 20. Bxc6 Rb8 21. Be4
b4 22. Bxg6 hxg6 23. Nxc4 Qc7 24. Ne3 bxc3 25. Rc1 Rfc8 26. Qd3 Rb4 27. h4 Ra4
28. Rc2 Ba3 29. Ng4 h5 30. Nf6+ Kg7 31. Rd1 Be7 32. Qb5 Qc4 33. Qxc4 Rcxc4 34.
Ne4 Rxd4 35. Nxc3 Rxd1+ 36. Nxd1 Re4 37. Rc7 Bd8 38. Rd7 Bb6 39. Nc3 Rxe5 40.
Kg2 Ra5 41. a4 Rc5 42. Ne4 Rc7 43. Rd3 Rc4 44. Ng5 Rd4 45. Ra3 Rd2 46. Rf3 Rd7
47. Ra3 e5 48. a5 Bd8 49. Ne4 Rd5 50. a6 Bb6 51. Ra2 Ra5 52. Rxa5 Bxa5 53. Nd6
Bb4 54. Ne8+ Kf8 55. Nf6 Bd6 56. Kf3 Ke7 57. Ne4 f5 58. Nc3 Bc5 59. Ke2 Kd6 60.
Nd1 Bd4 61. Kd3 Kc5 62. f3 Kd5 63. Kd2 Kc4 64. Ke2 Kb5 65. Kd3 Kxa6 66. Kc4 Kb6
67. f4 Kc6 68. fxe5 Bxe5 69. Ne3 Bxg3 70. Nd5 Bxh4 0-1

[Event "SK Schmiden/Cannstatt 1 - TSV Schönaich"]
[Site "Oberliga 2019/2020"]
[Date "2020.01.19"]
[Round "6.1"]
[White "Bunzmann, Dimitrij"]
[Black "Trachtmann, Mark"]
[Result "1-0"]
[WhiteElo "2409"]
[BlackElo "2253"]
[PlyCount "69"]
[EventDate "2020.??.??"]
[WhiteTeam "TSV Schönaich 2"]
[BlackTeam "SK Schmiden/Cannstatt 1"]

1. c4 e6 2. d4 d5 3. Nc3 Nf6 4. cxd5 Nxd5 5. e4 Nxc3 6. bxc3 c5 7. Nf3 cxd4 8.
cxd4 Bb4+ 9. Bd2 Bxd2+ 10. Qxd2 O-O 11. Be2 Nd7 12. O-O b6 13. Rac1 Bb7 14. Qf4
Rb8 15. h3 Qf6 16. Qe3 Rfc8 17. Nd2 Qe7 18. e5 Nf8 19. Nc4 Bd5 20. Nd6 Rxc1 21.
Rxc1 Bxa2 22. g3 Bd5 23. Rc3 f6 24. Qc1 fxe5 25. dxe5 a5 26. Rc7 Qd8 27. Bb5
Ng6 28. f4 Ne7 29. Rd7 Qf8 30. Qc7 Nf5 31. Nxf5 Qc5+ 32. Qxc5 bxc5 33. Nd6 g5
34. fxg5 Ra8 35. Nf7 1-0

[Event "SK Schmiden/Cannstatt 1 - TSV Schönaich"]
[Site "Oberliga 2019/2020"]
[Date "2020.01.19"]
[Round "6.2"]
[White "Bach, Edwin"]
[Black "Doric, Darko"]
[Result "0-1"]
[WhiteElo "2175"]
[BlackElo "2468"]
[PlyCount "108"]
[EventDate "2020.??.??"]
[WhiteTeam "SK Schmiden/Cannstatt 1"]
[BlackTeam "TSV Schönaich 2"]

1. Nf3 d5 2. b3 c6 3. Bb2 Nf6 4. g3 Bg4 5. Bg2 Nbd7 6. d3 e6 7. Nbd2 Bd6 8. O-O
O-O 9. h3 Bh5 10. c4 Qe7 11. Qc2 Rfe8 12. a3 a5 13. Rfe1 h6 14. e4 dxe4 15.
dxe4 Bg6 16. Qc3 e5 17. Nh4 Bh7 18. Nf5 Bxf5 19. exf5 Bc5 20. Nf3 e4 21. Nd2 e3
22. fxe3 Bxe3+ 23. Kh1 Bxd2 24. Qxd2 Qc5 25. g4 Rxe1+ 26. Rxe1 a4 27. b4 Qxc4
28. Re7 Qb3 29. Qd4 Nf8 30. Qc3 Qd1+ 31. Re1 Qd6 32. Qc2 N8d7 33. Rd1 Qg3 34.
Qc3 Qxc3 35. Bxc3 Re8 36. b5 Re3 37. bxc6 bxc6 38. Bb2 c5 39. Kg1 Kf8 40. Bc6
Ke7 41. Bxa4 Nb6 42. Bc6 Rxh3 43. a4 Nc4 44. Bxf6+ Kxf6 45. Rc1 Rg3+ 46. Kh2
Rxg4 47. Bb5 Nd6 48. Rxc5 Nxb5 49. axb5 Rb4 50. Kg3 h5 51. Kh3 Kg5 52. f6+ Kxf6
53. Rxh5 g5 54. Rh6+ Kf5 0-1

[Event "SK Schmiden/Cannstatt 1 - TSV Schönaich"]
[Site "Oberliga 2019/2020"]
[Date "2020.01.19"]
[Round "6.3"]
[White "Livaic, Leon"]
[Black "Holzhäuer, Mathias"]
[Result "1/2-1/2"]
[WhiteElo "2483"]
[BlackElo "2178"]
[PlyCount "79"]
[EventDate "2020.??.??"]
[WhiteTeam "TSV Schönaich 2"]
[BlackTeam "SK Schmiden/Cannstatt 1"]

1. d4 Nf6 2. c4 Nc6 3. Nf3 e6 4. Nc3 Bb4 5. Qc2 O-O 6. Bd2 d6 7. a3 Bxc3 8.
Bxc3 Re8 9. e3 e5 10. d5 Ne7 11. Nd2 Ng6 12. Bd3 c6 13. dxc6 bxc6 14. O-O d5
15. cxd5 cxd5 16. Rfd1 a5 17. b4 d4 18. Bxg6 hxg6 19. exd4 exd4 20. Nb3 Bf5 21.
Qc1 axb4 {(=)} 22. Rxd4 Qc8 23. Bxb4 Qe6 24. Nc5 Qe5 25. Qd2 Ng4 26. f4 Qf6 27.
Bc3 Qb6 28. Bb4 Qf6 29. Rd1 Ne3 30. Rc1 Nc2 31. Rd6 Qe7 32. Rd5 Nxa3 33. Re5
Qd8 34. Rxe8+ Qxe8 35. Re1 Qc6 36. Bxa3 Rxa3 37. Qd8+ Kh7 38. Qh4+ Kg8 39. Qd8+
Kh7 40. Qh4+ 1/2-1/2

[Event "SK Schmiden/Cannstatt 1 - TSV Schönaich"]
[Site "Oberliga 2019/2020"]
[Date "2020.01.19"]
[Round "6.4"]
[White "Niklasch, Oliver"]
[Black "Richter, Nils"]
[Result "1/2-1/2"]
[WhiteElo "2229"]
[BlackElo "2280"]
[PlyCount "39"]
[EventDate "2020.??.??"]
[WhiteTeam "SK Schmiden/Cannstatt 1"]
[BlackTeam "TSV Schönaich 2"]

1. Nf3 Nf6 2. c4 e6 3. g3 d5 4. Bg2 Be7 5. O-O O-O 6. d4 dxc4 7. Qc2 b6 8. Bg5
Nd5 9. Bxe7 Qxe7 10. Qxc4 Bb7 11. Nc3 Nxc3 12. Qxc3 Rc8 13. Rfd1 Nd7 14. Ne5
Bxg2 15. Kxg2 Nxe5 16. dxe5 Rd8 17. Qc6 Rac8 18. Rac1 h6 19. a3 a5 20. e3
1/2-1/2

[Event "SK Schmiden/Cannstatt 1 - TSV Schönaich"]
[Site "Oberliga 2019/2020"]
[Date "2020.01.19"]
[Round "6.5"]
[White "Buschle, Lukas"]
[Black "Löhr, Markus"]
[Result "0-1"]
[WhiteElo "2114"]
[BlackElo "2108"]
[PlyCount "50"]
[EventDate "2020.??.??"]
[WhiteTeam "TSV Schönaich 2"]
[BlackTeam "SK Schmiden/Cannstatt 1"]

1. d4 Nf6 2. c4 g6 3. Nc3 d5 4. Nf3 Bg7 5. Bf4 O-O 6. e3 c5 7. dxc5 Ne4 8. Rc1
Nd7 9. cxd5 Qa5 10. Nd4 Nxc3 11. bxc3 Nxc5 12. Bc4 Bd7 13. O-O Na4 14. Nb3 Qb6
15. Nd2 Nxc3 16. Qf3 Qa5 17. e4 b5 18. Bb3 Rac8 19. Rfe1 Nxa2 20. Rxc8 Rxc8 21.
e5 Rc3 22. Qe2 Nc1 23. Rxc1 Rxc1+ 24. Nf1 Qe1 25. Qd3 Rc3 0-1

[Event "SK Schmiden/Cannstatt 1 - TSV Schönaich"]
[Site "Oberliga 2019/2020"]
[Date "2020.01.19"]
[Round "6.6"]
[White "Thoma, Christian"]
[Black "Brunner, Jan"]
[Result "1/2-1/2"]
[WhiteElo "2156"]
[BlackElo "2043"]
[PlyCount "60"]
[EventDate "2020.??.??"]
[WhiteTeam "SK Schmiden/Cannstatt 1"]
[BlackTeam "TSV Schönaich 2"]

1. d4 Nf6 2. c4 e6 3. Nc3 Bb4 4. e3 c5 5. Nge2 cxd4 6. exd4 d5 7. a3 Be7 8. c5
b6 9. b4 O-O 10. g3 Bb7 11. Bg2 bxc5 12. bxc5 Nc6 13. O-O e5 14. dxe5 Nxe5 15.
Nf4 Bxc5 16. Ncxd5 Nxd5 17. Nxd5 Ba6 18. Ne3 Bxf1 19. Bxa8 Qxd1 20. Nxd1 Be2
21. Bb2 Nd3 22. Be4 Nxb2 23. Nxb2 Rb8 24. Nd3 Bf8 25. Nf4 {(=)} Bg4 26. h3 Bd7
27. Rd1 Be8 28. Rd3 g6 29. Nd5 Kg7 30. Nc7 Rc8 1/2-1/2

[Event "SK Schmiden/Cannstatt 1 - TSV Schönaich"]
[Site "Oberliga 2019/2020"]
[Date "2020.01.19"]
[Round "6.7"]
[White "Schnadt, Florian"]
[Black "Eisele, Steffen"]
[Result "0-1"]
[WhiteElo "2046"]
[BlackElo "2195"]
[PlyCount "52"]
[EventDate "2020.??.??"]
[WhiteTeam "TSV Schönaich 2"]
[BlackTeam "SK Schmiden/Cannstatt 1"]

1. Nf3 g6 2. g3 Bg7 3. Bg2 e5 4. O-O Nc6 5. c4 Nge7 6. Nc3 d6 7. d3 h6 8. e4
O-O 9. Be3 Nd4 10. h3 Be6 11. Kh2 f5 12. Bxd4 exd4 13. Ne2 c5 14. Nd2 Rb8 15.
Nf4 Bf7 16. exf5 Nxf5 17. Qg4 Kh7 18. Bd5 h5 19. Qf3 Bh6 20. Bxf7 Rxf7 21. Qd5
Qd7 22. Ne4 Re8 23. Nd2 Re5 24. Qf3 Nh4 25. Qh1 Rxf4 26. gxh4 Rxh4 0-1

[Event "SK Schmiden/Cannstatt 1 - TSV Schönaich"]
[Site "Oberliga 2019/2020"]
[Date "2020.01.19"]
[Round "6.8"]
[White "Cummings, Orlyn"]
[Black "Kübler, Marcus"]
[Result "1-0"]
[WhiteElo "1926"]
[BlackElo "1970"]
[PlyCount "81"]
[EventDate "2020.??.??"]
[WhiteTeam "SK Schmiden/Cannstatt 1"]
[BlackTeam "TSV Schönaich 2"]

1. e4 g6 2. d4 Bg7 3. Nc3 d6 4. Be3 a6 5. Qd2 b5 6. Bd3 Nd7 7. a4 b4 8. Nd5 a5
9. c3 e6 10. Nf4 bxc3 11. bxc3 Ngf6 12. f3 O-O 13. Nge2 e5 14. Nh3 d5 15. O-O
dxe4 16. fxe4 Ng4 17. Bg5 f6 18. Bh4 Kh8 19. Bb5 Bb7 20. Qd3 Qe7 21. Nf2 Nxf2
22. Rxf2 Nb6 23. d5 Qc5 24. Kh1 Rad8 25. Qh3 Bc8 26. Qf3 Nc4 27. Qd3 Nd6 28.
Raf1 g5 29. Bg3 Bg4 30. h3 Bh5 31. Bh2 Bg6 32. Ng3 h5 33. Bg1 Nxb5 34. axb5 Qd6
35. Nf5 Bxf5 36. Rxf5 Kh7 37. Qc4 Rfe8 38. Bc5 Qd7 39. Qe2 Kg6 40. Qf2 Qf7 41.
Rxg5+ 1-0

[Event "SF Deizisau 2 - SC Böblingen 1"]
[Site "Oberliga 2019/2020"]
[Date "2020.01.19"]
[Round "6.1"]
[White "Gähwiler, Gabriel"]
[Black "Dabo-Peranic, Robert"]
[Result "1-0"]
[WhiteElo "2394"]
[BlackElo "2322"]
[PlyCount "111"]
[EventDate "2020.??.??"]
[WhiteTeam "SC Böblingen 1"]
[BlackTeam "SF Deizisau 2"]

1. d4 d5 2. c4 e6 3. Nf3 c5 4. cxd5 exd5 5. g3 Nc6 6. Bg2 Nf6 7. O-O Be7 8. Nc3
O-O 9. dxc5 Bxc5 10. Bg5 d4 11. Ne4 Be7 12. Bxf6 Bxf6 13. Ne1 Re8 14. Nd3 Bg4
15. Re1 Rc8 16. Rc1 Bf5 17. Nec5 b6 18. Qa4 Na5 19. Nb3 Bd7 20. Qb4 Nc6 21. Qd6
Re6 {(=)} 22. Qd5 Ne7 23. Qb7 Bc6 24. Bxc6 Nxc6 25. Qa6 Rc7 26. Qb5 Rd6 27. Qc4
Rdd7 28. Qb5 Rd5 29. Qc4 Rdd7 30. Qa4 Rd6 31. Nd2 Be7 32. Nf3 g6 33. Rc2 Qd7
34. Rec1 Bd8 35. Kg2 Kg7 36. Qa6 f6 37. b4 Rb7 38. Qa4 b5 39. Qb3 Bb6 40. Nd2
Qe8 41. Nf3 Re7 42. h4 Ne5 43. Ndxe5 fxe5 44. Rc8 Bd8 45. R1c5 e4 46. Nxd4 Rxd4
47. Qc3 Red7 48. e3 Qf7 49. exd4 Bb6 50. d5+ Kh6 51. Qe3+ Kg7 52. Qxe4 Qf6 53.
Qe8 Qf5 54. d6 Bxc5 55. Rxc5 Qf7 56. Qxd7 1-0

[Event "SF Deizisau 2 - SC Böblingen 1"]
[Site "Oberliga 2019/2020"]
[Date "2020.01.19"]
[Round "6.2"]
[White "Köllner, Ruben Gideon"]
[Black "Kuklin, Valentin"]
[Result "0-1"]
[WhiteElo "2361"]
[BlackElo "2335"]
[PlyCount "116"]
[EventDate "2020.??.??"]
[WhiteTeam "SF Deizisau 2"]
[BlackTeam "SC Böblingen 1"]

1. d4 Nf6 2. Nf3 c5 3. e3 b6 4. Nbd2 Bb7 5. Bd3 g6 6. b3 Bg7 7. Bb2 d6 8. O-O
O-O 9. c4 Nbd7 10. Re1 Re8 11. Qc2 Rc8 12. a4 cxd4 13. exd4 Nd5 14. Qb1 Nb4 15.
Bf1 e5 16. Ne4 Qc7 17. d5 Nc5 18. Nxc5 bxc5 19. Bc3 Rb8 20. Bxb4 cxb4 21. Ra2
h6 22. g3 f5 23. Nh4 Qf7 24. f3 Bc8 25. Bd3 Rf8 26. Ng2 a5 27. Rf1 Qa7+ 28. Kh1
Rb7 29. Nh4 Rf6 30. Ng2 h5 31. Qc1 Kh7 32. Qe3 Bh6 33. Qxa7 Rxa7 34. h4 f4 35.
gxf4 Bxf4 36. Be4 Bg3 37. Rc2 Rc7 38. Kg1 Kh6 39. Rfc1 Bf5 40. Re2 Bxe4 41.
fxe4 Rf3 42. Ne3 Bxh4 43. Kg2 Rg3+ 44. Kh2 Rf7 45. c5 dxc5 46. Ng2 Kg5 47. Rxc5
Rxb3 48. Nxh4 Kxh4 49. Rd2 Rc3 50. Rxa5 b3 51. Kg2 Rb7 52. Rb2 Rb4 53. d6 Rxe4
54. Rd5 Rc2+ 55. Rxc2 bxc2 56. Rc5 Rxa4 57. Rxc2 Rd4 58. Rc6 g5 0-1

[Event "SF Deizisau 2 - SC Böblingen 1"]
[Site "Oberliga 2019/2020"]
[Date "2020.01.19"]
[Round "6.3"]
[White "Ortmann, David"]
[Black "Bronznik, Valerij"]
[Result "1/2-1/2"]
[WhiteElo "2314"]
[BlackElo "2228"]
[PlyCount "66"]
[EventDate "2020.??.??"]
[WhiteTeam "SC Böblingen 1"]
[BlackTeam "SF Deizisau 2"]

1. d4 f5 2. Nc3 Nf6 3. Bg5 d5 4. e3 e6 5. Nf3 Be7 6. Bd3 O-O 7. O-O Nbd7 8. Ne2
h6 {(=)} 9. Bxf6 Nxf6 10. c4 c6 11. Qc2 Bd6 12. cxd5 cxd5 13. Rfc1 Bd7 14. Qb3
Be8 15. Nf4 Qe7 16. Be2 g5 17. Nd3 Bh5 18. Rc2 Bxf3 19. Bxf3 Rfc8 20. Rac1 Rxc2
21. Rxc2 g4 22. Be2 Ne4 23. Ne5 Rb8 24. Bd3 Nc5 25. Rxc5 Bxe5 26. Qa4 a6 27.
Rc2 Bc7 28. Rc3 Qd6 29. g3 Kf7 30. Qc2 Ba5 31. Rc5 Bb6 32. Rc3 Ba5 33. Rc5 Bb6
1/2-1/2

[Event "SF Deizisau 2 - SC Böblingen 1"]
[Site "Oberliga 2019/2020"]
[Date "2020.01.19"]
[Round "6.4"]
[White "Gustain, Marc"]
[Black "Tran, Thanh Kien"]
[Result "1-0"]
[WhiteElo "2159"]
[BlackElo "2133"]
[PlyCount "81"]
[EventDate "2020.??.??"]
[WhiteTeam "SF Deizisau 2"]
[BlackTeam "SC Böblingen 1"]

1. e4 c5 2. Nc3 a6 3. g3 b5 4. Bg2 Bb7 5. d3 e6 6. Nh3 Nc6 7. O-O Qc7 8. f4 b4
9. Ne2 Nf6 10. Ng5 h6 11. Nf3 d5 12. exd5 exd5 13. a3 a5 14. axb4 axb4 15.
Rxa8+ Bxa8 16. c3 Bd6 17. cxb4 Nxb4 18. Nc3 O-O 19. Nb5 Qd7 20. Nxd6 Qxd6 21.
d4 Re8 22. dxc5 Qxc5+ 23. Qd4 Qd6 24. Ne5 Nc6 25. Nxc6 Qxc6 26. Bd2 Ne4 27. Bc3
Nxc3 28. bxc3 Rc8 29. Re1 Re8 30. Rd1 Qe6 31. h4 Bc6 32. Kh2 Qc8 33. Rd2 Re1
34. Qf2 Qe8 35. c4 Bd7 36. cxd5 Bb5 37. d6 Ra1 38. d7 Qd8 39. Qc5 Bxd7 40. Qd4
Qe7 41. Qxa1 1-0

[Event "SF Deizisau 2 - SC Böblingen 1"]
[Site "Oberliga 2019/2020"]
[Date "2020.01.19"]
[Round "6.5"]
[White "Müller, Ralf"]
[Black "Jelica, Mara"]
[Result "1-0"]
[WhiteElo "2316"]
[BlackElo "2080"]
[PlyCount "93"]
[EventDate "2020.??.??"]
[WhiteTeam "SC Böblingen 1"]
[BlackTeam "SF Deizisau 2"]

1. d4 Nf6 2. c4 g6 3. g3 Bg7 4. Bg2 O-O 5. Nc3 d6 6. Nf3 Nbd7 7. O-O e5 8. h3
c6 9. e4 a5 10. Be3 Re8 11. Re1 h6 12. Qc2 Nh7 {(=)} 13. Rad1 Ng5 14. Nxg5 hxg5
15. dxe5 dxe5 16. Na4 Qe7 17. Bf1 Bf6 18. Rd2 Rb8 19. Red1 g4 20. hxg4 Bg5 21.
Bxg5 Qxg5 22. Rxd7 Bxd7 23. Rxd7 Qxg4 24. Qd3 Qg5 25. c5 Kg7 26. Nb6 Rh8 27.
Qf3 Rhf8 28. Bc4 Qc1+ 29. Kg2 Rbd8 30. Rxf7+ Rxf7 31. Qxf7+ Kh6 32. Qf6 Qg5 33.
Qxg5+ Kxg5 34. Be6 Rd2 35. Na4 Rd4 36. b3 Rxe4 37. Bc8 Rb4 38. Kf3 Kf6 39. Ke3
Ke7 40. f4 Kf6 41. Nb2 exf4+ 42. gxf4 g5 43. fxg5+ Kxg5 44. Nd3 Rb5 45. Be6 a4
46. b4 b6 47. Bc4 1-0